<?xml version="1.0" encoding="UTF-8"?>
<record
    xmlns:xsi="http://www.w3.org/2001/XMLSchema-instance"
    xsi:schemaLocation="http://www.loc.gov/MARC21/slim http://www.loc.gov/standards/marcxml/schema/MARC21slim.xsd"
    xmlns="http://www.loc.gov/MARC21/slim">

  <leader>01516nam0a2200385   4500</leader>
  <controlfield tag="001">RU\NLR\bibl\1844007</controlfield>
  <controlfield tag="005">20260405185539.0</controlfield>
  <datafield tag="010" ind1=" " ind2=" ">
    <subfield code="a">978-5-93898-325-0</subfield>
    <subfield code="9">5000</subfield>
  </datafield>
  <datafield tag="021" ind1=" " ind2=" ">
    <subfield code="a">RU</subfield>
    <subfield code="b">2011-91742</subfield>
    <subfield code="9">6569</subfield>
  </datafield>
  <datafield tag="035" ind1=" " ind2=" ">
    <subfield code="a">(NLR Aleph) 001834450</subfield>
  </datafield>
  <datafield tag="090" ind1=" " ind2=" ">
    <subfield code="a">2184822</subfield>
    <subfield code="c">2184822</subfield>
  </datafield>
  <datafield tag="100" ind1=" " ind2=" ">
    <subfield code="a">20111206d2011    |||y0rusy50      ca</subfield>
  </datafield>
  <datafield tag="101" ind1="0" ind2=" ">
    <subfield code="a">rus</subfield>
  </datafield>
  <datafield tag="102" ind1=" " ind2=" ">
    <subfield code="a">RU</subfield>
  </datafield>
  <datafield tag="105" ind1=" " ind2=" ">
    <subfield code="a">a   |||||||||</subfield>
  </datafield>
  <datafield tag="200" ind1="1" ind2=" ">
    <subfield code="a">&#x41A;&#x440;&#x435;&#x449;&#x435;&#x43D;&#x43D;&#x44B;&#x435; &#x43A;&#x440;&#x435;&#x441;&#x442;&#x430;&#x43C;&#x438;</subfield>
    <subfield code="e">&#x437;&#x430;&#x43F;&#x438;&#x441;&#x43A;&#x438; &#x43D;&#x430; &#x43A;&#x43E;&#x43B;&#x435;&#x43D;&#x43A;&#x430;&#x445;</subfield>
    <subfield code="e">[&#x43C;&#x435;&#x43C;&#x443;&#x430;&#x440;&#x44B;]</subfield>
    <subfield code="f">&#x42D;&#x434;&#x443;&#x430;&#x440;&#x434; &#x41A;&#x43E;&#x447;&#x435;&#x440;&#x433;&#x438;&#x43D;</subfield>
  </datafield>
  <datafield tag="205" ind1=" " ind2=" ">
    <subfield code="a">[2-&#x435; &#x438;&#x437;&#x434;., &#x434;&#x43E;&#x43F;.]</subfield>
  </datafield>
  <datafield tag="210" ind1=" " ind2=" ">
    <subfield code="a">&#x421;&#x430;&#x43D;&#x43A;&#x442;-&#x41F;&#x435;&#x442;&#x435;&#x440;&#x431;&#x443;&#x440;&#x433;</subfield>
    <subfield code="c">&#x412;&#x438;&#x442;&#x430; &#x41D;&#x43E;&#x432;&#x430;</subfield>
    <subfield code="d">2011</subfield>
  </datafield>
  <datafield tag="215" ind1=" " ind2=" ">
    <subfield code="a">285, [1] &#x441;.</subfield>
    <subfield code="c">&#x438;&#x43B;.</subfield>
    <subfield code="d">22</subfield>
  </datafield>
  <datafield tag="300" ind1=" " ind2=" ">
    <subfield code="a">&#x412; &#x430;&#x43D;&#x43D;&#x43E;&#x442;. &#x430;&#x432;&#x442;.: &#x42D;. &#x41A;&#x43E;&#x447;&#x435;&#x440;&#x433;&#x438;&#x43D; &#x436;&#x443;&#x434;&#x43E;&#x436;., &#x43B;&#x430;&#x443;&#x440;&#x435;&#x430;&#x442; &#x43B;&#x438;&#x442;. &#x43F;&#x440;&#x435;&#x43C;&#x438;&#x438; "&#x41D;&#x430;&#x446;. &#x431;&#x435;&#x441;&#x442;&#x441;&#x435;&#x43B;&#x43B;&#x435;&#x440;" (2010)</subfield>
  </datafield>
  <datafield tag="600" ind1=" " ind2="1">
    <subfield code="a">&#x41A;&#x43E;&#x447;&#x435;&#x440;&#x433;&#x438;&#x43D;</subfield>
    <subfield code="b">&#x42D;.&#x421;.</subfield>
    <subfield code="f">1937</subfield>
    <subfield code="g">&#x42D;&#x434;&#x443;&#x430;&#x440;&#x434; &#x421;&#x442;&#x435;&#x43F;&#x430;&#x43D;&#x43E;&#x432;&#x438;&#x447;</subfield>
    <subfield code="9">1170646</subfield>
    <subfield code="3">RU\NLR\auth\66469746</subfield>
  </datafield>
  <datafield tag="607" ind1=" " ind2=" ">
    <subfield code="a">&#x421;&#x421;&#x421;&#x420;</subfield>
    <subfield code="j">&#x412;&#x43E;&#x441;&#x43F;&#x43E;&#x43C;&#x438;&#x43D;&#x430;&#x43D;&#x438;&#x44F;, &#x437;&#x430;&#x43F;&#x438;&#x441;&#x43A;&#x438; &#x438; &#x442;.&#x43F;.</subfield>
    <subfield code="x">&#x418;&#x441;&#x442;&#x43E;&#x440;&#x438;&#x44F;</subfield>
    <subfield code="z">1945 - 1991</subfield>
    <subfield code="9">2093071</subfield>
    <subfield code="3">RU\NLR\auth\661266691</subfield>
  </datafield>
  <datafield tag="686" ind1=" " ind2=" ">
    <subfield code="a">&#x429;143(2&#x420;=&#x420;&#x443;&#x441;)7-8&#x41A;&#x43E;&#x447;&#x435;&#x440;&#x433;&#x438;&#x43D;</subfield>
  </datafield>
  <datafield tag="686" ind1=" " ind2=" ">
    <subfield code="a">&#x428;6(2=&#x420;)8-491</subfield>
  </datafield>
  <datafield tag="686" ind1=" " ind2=" ">
    <subfield code="a">&#x422;3(2)7,013</subfield>
  </datafield>
  <datafield tag="700" ind1=" " ind2="1">
    <subfield code="4">070</subfield>
    <subfield code="a">&#x41A;&#x43E;&#x447;&#x435;&#x440;&#x433;&#x438;&#x43D;</subfield>
    <subfield code="b">&#x42D;.&#x421;.</subfield>
    <subfield code="f">1937-</subfield>
    <subfield code="g">&#x42D;&#x434;&#x443;&#x430;&#x440;&#x434; &#x421;&#x442;&#x435;&#x43F;&#x430;&#x43D;&#x43E;&#x432;&#x438;&#x447;</subfield>
    <subfield code="3">RU\NLR\auth\7781858</subfield>
    <subfield code="9">64786</subfield>
  </datafield>
  <datafield tag="801" ind1=" " ind2="0">
    <subfield code="a">RU</subfield>
    <subfield code="b">NLR</subfield>
    <subfield code="c">20111206</subfield>
    <subfield code="g">RCR</subfield>
  </datafield>
  <datafield tag="801" ind1=" " ind2="1">
    <subfield code="a">RU</subfield>
    <subfield code="b">NLR</subfield>
    <subfield code="c">20111206</subfield>
  </datafield>
  <datafield tag="830" ind1=" " ind2=" ">
    <subfield code="a">&#x43F;&#x43E; &#x43A;&#x43D;.</subfield>
  </datafield>
  <datafield tag="942" ind1=" " ind2=" ">
    <subfield code="c">BOOK</subfield>
  </datafield>
  <datafield tag="980" ind1=" " ind2=" ">
    <subfield code="a">NB</subfield>
  </datafield>
  <datafield tag="980" ind1=" " ind2=" ">
    <subfield code="a">NBR</subfield>
  </datafield>
  <datafield tag="995" ind1=" " ind2=" ">
    <subfield code="5">2011-12-06</subfield>
    <subfield code="a">ad</subfield>
    <subfield code="b">NLR01</subfield>
    <subfield code="c">NLR01</subfield>
    <subfield code="e">RF8</subfield>
    <subfield code="f">1-2504814</subfield>
    <subfield code="k">2011-5/9757</subfield>
    <subfield code="o">0</subfield>
    <subfield code="r">BOOK</subfield>
    <subfield code="s">201159757_</subfield>
  </datafield>
  <datafield tag="995" ind1=" " ind2=" ">
    <subfield code="5">2011-12-06</subfield>
    <subfield code="a">ad</subfield>
    <subfield code="b">NLR01</subfield>
    <subfield code="c">NLR01</subfield>
    <subfield code="e">RF8</subfield>
    <subfield code="f">1-4227996</subfield>
    <subfield code="k">2011-5/9757</subfield>
    <subfield code="o">0</subfield>
    <subfield code="r">BOOK</subfield>
    <subfield code="s">201159757_</subfield>
  </datafield>
  <datafield tag="995" ind1=" " ind2=" ">
    <subfield code="5">2012-02-14</subfield>
    <subfield code="a">aa</subfield>
    <subfield code="b">NLR01</subfield>
    <subfield code="c">NLR01</subfield>
    <subfield code="e">OZ2</subfield>
    <subfield code="f">1-279381</subfield>
    <subfield code="k">&#x41B;1 &#x428;6(2=&#x420;)7/&#x41A;-755</subfield>
    <subfield code="o">0</subfield>
    <subfield code="p">450.00</subfield>
    <subfield code="r">BOOK</subfield>
    <subfield code="s">1_627755</subfield>
  </datafield>
</record>
